|
|
|
|
| LEADER |
00571cam a2200169 7i4500 |
| 001 |
0000039615 |
| 005 |
20140630090000.0 |
| 020 |
# |
0 |
|a 0805842845
|
| 090 |
0 |
0 |
|a BF 575 .I5
|b H3 2004
|
| 245 |
0 |
0 |
|a Handbook of closeness and intimacy
|c edited by Debra J. Mashek, Arthur Aron.
|
| 260 |
# |
# |
|a Mahwah, N.J.:
|b Lawrence Erlbaum Associates,
|c 2004.
|
| 300 |
# |
# |
|a x, 454 p.;
|c 26 cm..
|
| 590 |
# |
# |
|a Pusat Pengajian Pembangunan Sosial dan Ekonomi
|
| 650 |
0 |
0 |
|a Intimacy (Psychology)
|
| 700 |
1 |
1 |
|a Mashek, Debra J.
|
| 700 |
1 |
1 |
|a Aron, Arthur
|
| 999 |
|
|
|a 1100028154
|b Book
|c Open Shelf
|e KOLEKSI TERBUKA
|